000 00654nam a2200229 a 4500
003 OSt
005 20230517060622.0
008 110328s2005 nyua g 000 0 eng d
020 _a0471479527 :
_cTK2884.00
040 _aBUBTL
_cBUBTL
_dBUBTL
082 0 4 _a657
_219
100 1 _aWeygandt, Jerry J.,; Kieso, Donald E.,; Kimmel, Paul D.
_95317
245 0 0 _aAccounting Principles /
_cJerry J., Weygandt
250 _a7th ed.
260 _aNew york :
_bJohn Willey and Sons,Inc.,
_c2005.
300 _axxxii, 1120p. :
_bill. ;
_c27cm
520 0 _aBusiness
526 _aACC
556 _a2006\02\22
650 1 7 _aAccounting
_2Spines
942 _2ddc
_cBK
999 _c7045
_d7045